Etické aspekty riadenia ľudských zdrojov bakalárska práca

Saved in:
Bibliographic Details
Main Author: Moravcová, Erika
Corporate Author: Fakulta podnikového manažmentu EU. Katedra manažmentu
Other Authors: Joniaková, Zuzana, 1970-
Format: Book
Language:Slovak
Published: Bratislava 2016
Tags: Add Tag
No Tags, Be the first to tag this record!

MARC

LEADER 00000nbm a2200000 4500
001 0218425
005 20170222131519.6
041 0 |a slo 
044 |a SK 
245 1 0 |a Etické aspekty riadenia ľudských zdrojov  |b bakalárska práca  |c Erika Moravcová ; školiteľ: Zuzana Joniaková 
264 1 |a Bratislava  |c 2016 
300 |a 60 s. 
100 1 |a Moravcová, Erika 
700 1 |a Joniaková, Zuzana, 1970- 
710 2 |a Fakulta podnikového manažmentu EU. Katedra manažmentu